Najlepsze karty z Ekstraklasy w EA FC 25 - Statystyki

Ogólne statystyki
  • Ten quiz został rozwiązany 61 razy
  • Średni wynik to 4 z 10
Statystyki odpowiedzi
OVR Piłkarz % Poprawnych
74 Kamil Grosicki
64%
73 Ivi Lopez
57%
87 Lukas Podolski
55%
72 Lukas Podolski
55%
72 Jesus Imaz
52%
80 Joel Vieira Pereira
30%
83 Efthymios Koulouris
18%
72 Rafał Gikiewicz
14%
72 Bartosz Salamon
11%
71 Jean-Pierre Nsame
11%
Nie znaleziono quizów pasujących do podanych kryteriów
Rozkład punktacji
Procent ludzi z każdym wynikiem
Percentyl według liczby udzielonych odpowiedzi
Twoja historia wyników
Nie rozwiązałeś tego quizu